Le théologie comme science au XIII siecle
Wedi'i Gadw mewn:
| Prif Awdur: | |
|---|---|
| Fformat: | Llyfr |
| Iaith: | Ffrangeg |
| Cyhoeddwyd: |
París
J. Vrin
1957
|
| Rhifyn: | 3a. ed |
| Cyfres: | Bibliothéque Thomiste, 33
|
| Pynciau: | |
| Tagiau: |
Ychwanegu Tag
Dim Tagiau, Byddwch y cyntaf i dagio'r cofnod hwn!
|
MARC
| LEADER | 00000nam a2200000 a 4500 | ||
|---|---|---|---|
| 001 | UCV8700 | ||
| 003 | CL-VaPUC | ||
| 008 | 911121e19570000FR |||||||||||||||||fre|d | ||
| 082 | 0 | 4 | |a 189.4 |b CHE |2 21 |
| 100 | 0 | |a Chenu, Marie-Dominique |e author |9 302728 | |
| 245 | 1 | 3 | |a Le théologie comme science au XIII siecle |
| 250 | |a 3a. ed | ||
| 300 | |a 110 p | ||
| 942 | |c BK | ||
| 945 | |d 19911121 00:00:00 | ||
| 260 | |a París |b J. Vrin |c 1957 | ||
| 650 | 0 | |a Teología |9 258766 | |
| 650 | 0 | |a Tomismo |9 259214 | |
| 583 | |a last modification |c 20180314 14:49:26 |k Rodrigo Vera | ||
| 490 | 0 | |a Bibliothéque Thomiste, 33 | |
| 999 | |c 214178 |d 214176 | ||
| 952 | |0 0 |1 0 |4 0 |6 189_400000000000000_CHE_1957 |7 0 |8 P |9 197307 |a BIBEDU |b BIBEDU |c BIBEDU_PB |d 2019-11-14 |i 1583980 |o 189.4 CHE 1957 |p 1583980 |r 2024-01-25 |w 2019-11-14 |y BK |k FIL | ||